Ley de concursos y quiebras (Registro nro. 4813)

Detalles MARC
000 -LEADER
fixed length control field 02047 a2200301 4500
001 - CONTROL NUMBER
control field 49342
005 - DATE AND TIME OF LATEST TRANSACTION
control field 20260407155757.0
008 - FIXED-LENGTH DATA ELEMENTS--GENERAL INFORMATION
fixed length control field 260407a2009 arg spa d
003 - CONTROL NUMBER IDENTIFIER
control field AR-UNSa-BCEJYS
040 ## - CATALOGING SOURCE
Original cataloging agency AR-UNSa-BCEJYS
Language of cataloging spa
Transcribing agency AR-UNSa-BCEJYS
080 ## - UNIVERSAL DECIMAL CLASSIFICATION NUMBER
Universal Decimal Classification number 347.736
Common auxiliary subdivision Quiebra. Insolvencia. Suspensión de pagos. Bancarrota, procedimientos. Derecho Concursal
020 ## - INTERNATIONAL STANDARD BOOK NUMBER
International Standard Book Number 978-950-727-999-7
041 ## - LANGUAGE CODE
Language code of text/sound track or separate title spa
100 1# - MAIN ENTRY--PERSONAL NAME
Personal name Rivera, Julio César
245 10 - TITLE STATEMENT
Title Ley de concursos y quiebras
250 ## - EDITION STATEMENT
Edition statement 4a. ed.
264 #1 - PRODUCTION, PUBLICATION, DISTRIBUTION, MANUFACTURE, AND COPYRIGHT NOTICE
Place of production, publication, distribution, manufacture Santa Fe :
Name of producer, publisher, distributor, manufacturer Rubinzal-Culzoni Editores
Date of production, publication, distribution, manufacture, or copyright notice 2009
300 ## - PHYSICAL DESCRIPTION
Extent 4 v. (736 ; 699 ; 728 ; 936 p.)
Dimensions 22 cm.
505 ## - FORMATTED CONTENTS NOTE
Formatted contents note Vol. 1: Artículos 1° a 25°: Ley 24522 CONCURSOS Y QUIEBRAS DE LOS CONCURSOS: 1. Principios generales - 2. Concurso preventivo - - Vol. 2: Artículos 26° a 76°: 3. Trámite hasta el acuerdo - 4. Propuesta, período de exclusividad y régimen del acuerdo preventivo - 5. Impugnación, homologación, cumplimiento y nulidad del acuerdo - 6. Concurso en caso de agrupamiento - 7. Acuerdo preventivo extrajudicial - - Vol. 3: Artículos 77° a 159°: Título III: QUIEBRA: 1. Declaración - 2. Efectos de la quiebra - - Vol. 4.: Artículos 160° a 297°: 3. Extensión de la quiebra. Grupos económicos. Responsabilidad de terceros - 4. Incautación, conservación y administración de los bienes - 5. Período informativo en la quiebra - 6. Liquidación y distribución - 7. Conclusión de la quiebra - 8. Clausura del procedimiento - 9. Inhabilitación del fallido - - Título IV: 1. Privilegios - 2. Funcionarios y empleados de los concursos - 3. Reglas procesales - 4. De los pequeños concursos y quiebras - Disposiciones transitorias y complementarias.
590 ## - LOCAL NOTE (RLIN)
Local note niveau_biblio:m niveau_hierar:0
650 ## - SUBJECT ADDED ENTRY--TOPICAL TERM
Topical term or geographic name entry element LEY 24.522
650 ## - SUBJECT ADDED ENTRY--TOPICAL TERM
Topical term or geographic name entry element ley 24 522
700 1# - ADDED ENTRY--PERSONAL NAME
Personal name Roitman, Horacio
700 1# - ADDED ENTRY--PERSONAL NAME
Personal name Vítolo, Daniel Roque
700 1# - ADDED ENTRY--PERSONAL NAME
Personal name Argentina [Leyes, etc.]
856 41 - ELECTRONIC LOCATION AND ACCESS
Uniform Resource Identifier <a href="https://www.biblioeco.unsa.edu.ar/pmb/images/libros/L128024.jpg">https://www.biblioeco.unsa.edu.ar/pmb/images/libros/L128024.jpg</a>
Link text Imagen de portada
Electronic format type image/jpeg
942 ## - ADDED ENTRY ELEMENTS (KOHA)
Koha item type
Existencias
Withdrawn status Lost status Damaged status Not for loan Home library Current library Shelving location Date acquired Total checkouts Full call number Barcode Date last seen Price effective from Koha item type
        Biblioteca Prof. Eusebio Cleto del Rey Biblioteca Prof. Eusebio Cleto del Rey   07/04/2026   347.736 R621e v.1 4ed. L128021 07/04/2026 07/04/2026 Libro
        Biblioteca Prof. Eusebio Cleto del Rey Biblioteca Prof. Eusebio Cleto del Rey   07/04/2026   347.736 R621e v.2 4ed. L128022 07/04/2026 07/04/2026 Libro
        Biblioteca Prof. Eusebio Cleto del Rey Biblioteca Prof. Eusebio Cleto del Rey   07/04/2026   347.736 R621e v.3 4ed. L128023 07/04/2026 07/04/2026 Libro
        Biblioteca Prof. Eusebio Cleto del Rey Biblioteca Prof. Eusebio Cleto del Rey   07/04/2026   347.736 R621e v.4 4ed. L128024 07/04/2026 07/04/2026 Libro